Apache: Administrator's handbook

Sparad:
Bibliografiska uppgifter
Huvudupphovsmän: Bowen, Richard (Författare, medförfattare), López Ridruejo, Daniel (Författare, medförfattare), Liska, Allan (Författare, medförfattare)
Materialtyp: Bok
Språk:engelska
Publicerad: Indianápolis Sams 2002
Ämnen:
Taggar: Lägg till en tagg
Inga taggar, Lägg till första taggen!

MARC

LEADER 00000nam a2200000 a 4500
001 UCH7436
003 CL-VaPUC
008 091112e20020000US |||||||||||||||||eng|d
020 |a 0672322749 
082 0 4 |a 005.71376  |b BOW  |2 21 
100 0 |a Bowen, Richard  |e author  |9 543882 
700 0 |a López Ridruejo, Daniel  |e author  |9 543883 
700 0 |a Liska, Allan  |e author  |9 543884 
245 1 0 |a Apache: Administrator's handbook 
300 |a 422 p 
942 |c BK 
945 |d 20091112 00:00:00  |a dcastane 
260 |a Indianápolis  |b Sams  |c 2002 
600 0 7 |a APACHE WEB SERVER  |2 CL-VaPUC  |9 543885 
650 0 |a Servidores web  |9 462893 
650 0 |a Web server  |9 543886 
650 0 |a Software  |9 387312 
583 |a last modification  |c 20091112 00:00:00  |k Rodrigo Vera 
999 |c 338033  |d 338031 
952 |0 0  |1 0  |4 0  |6 005_713760000000000_BOW_2002  |7 0  |8 A  |9 430819  |a BIBING  |b BIBING  |d 2019-11-22  |i 4617894  |o 005.71376 BOW 2002  |p 4617894  |r 2024-01-25  |w 2019-11-22  |y BK  |k EII